Neverbální komunikace [co vám prozradí lidské chování a jednání, a jak toho využít]

Gespeichert in:
Bibliographische Detailangaben
1. Verfasser: Tegze, Oldřich
Format: Buch
Sprache:Tschechisch
Veröffentlicht: Praha Computer Press 2003
Schriftenreihe:Praxe manažera
Business books
Schlagworte:
Tags: Tag hinzufügen
Keine Tags, Fügen Sie das erste Tag hinzu!

MARC

LEADER 00000nam a2200000 4500
001 c143043
005 20221124084758.4
020 |a 80-7226-429-X 
041 0 |a cze 
044 |a CZ 
245 1 0 |a Neverbální komunikace  |b [co vám prozradí lidské chování a jednání, a jak toho využít]  |c Oldřich Tegze 
264 1 |a Praha  |b Computer Press  |c 2003 
300 |a 482 s. 
490 1 |a Praxe manažera 
830 0 |a Praxe manažera 
490 1 |a Business books 
830 0 |a Business books 
500 |a Údaje v zátvorke sú z obalu 
610 2 0 |a komunikácia 
610 2 0 |a prejavy 
610 2 0 |a správanie 
610 2 0 |a osobnosť 
610 2 0 |a empatia 
610 2 0 |a výskum psychologický 
610 2 0 |a psychológia 
100 1 |a Tegze, Oldřich